| 000 | 00899nam a2200277Ia 4500 | ||
|---|---|---|---|
| 999 |
_c54266 _d54266 |
||
| 001 | 21322 | ||
| 003 | GE_BSU | ||
| 005 | 20221111162446.0 | ||
| 008 | 181216s2014||||ii |||||||||||||| ||eng|| | ||
| 020 | _a9788120346789x | ||
| 040 | _cGE_BSU | ||
| 080 | _a62:004.7 K-17 | ||
| 100 |
_aKALYANMOY, DEB _912352 |
||
| 245 |
_aOptimization For Engineering Design : _bAlgorithms and Examples / _cDEB KALYANMOY |
||
| 250 | _aSecond edition | ||
| 264 |
_aDelhi : _bPHI Learning, _c2014. |
||
| 300 |
_a421p. ; _c24 cm. |
||
| 500 | _aIndex p. : 417-421 | ||
| 541 | _h77 Gel. | ||
| 653 | _aOPTIMIZATION FOR ENGINEERING DESIGN | ||
| 653 | _aAlgorithms and Examples | ||
| 653 | _aკომპიუტერული კომუნიკაცია | ||
| 653 | _aკომპიუტერული ქსელები | ||
| 653 | _aსაინჟინრო საქმე | ||
| 942 |
_cBK _2udc |
||